00349nam a2200121 a 45000010005000000030005000050050017000100080041000270400020000681000026000882450093001142600020002072460CDMR20130116135232.0130130s1975||||||||||||||||||||||||||||d aCDMRbcatcCDMR1 aSoria Fontes, Ricardo14aLas oficinas de prensa de organismos públicos y grandes empresascRicardo Soria Fontes aBarcelonac1975